00195nam a2200085Ia 4500008004100000100001900041245002600060260001400086260000900100170617s9999 xx 000 0 und d aJackson- Belty 0aAtlas of Microbiology bC B S Pub c2005